000 00594nam a2200241Ia 4500
003 OSt
005 20220912151411.0
006 a|||||r|||| 00| 0
007 ta
008 220909b |||||||| |||| 00| 0 eng d
024 _a52276
037 _cTextual
040 _aCSL
_beng
_cCSL
041 _aeng
082 _aJ:438.252.N64t4, K4
100 _aSrivastava A S
245 0 _aEntomological research
260 _c1964
300 _aiv,117p.
_ccm.
650 _aAgriculture
942 _hJ:438.252.N64t4, K4
_cTEXL
_2CC
999 _c67597
_d67597